Los orígenes de la educación superior en México (Record no. 73856)

MARC details
000 -CABECERA
campo de control de longitud fija 00692nam a2200229 a 4500
005 - FECHA Y HORA DE LA ÚLTIMA TRANSACCIÓN
campo de control 20220428101228.0
008 - ELEMENTOS DE LONGITUD FIJA--INFORMACIÓN GENERAL
campo de control de longitud fija 991125n 000 0 spa u
035 ## - NÚMERO DE CONTROL DEL SISTEMA
Número de control de sistema UPN01000090954
100 1# - ASIENTO PRINCIPAL--NOMBRE PERSONAL
Nombre de persona Saavedra Rodríguez, Agueda
9 (RLIN) 28028
222 ## - TÍTULO CLAVE
Título clave PEDAGOGIA : REVISTA DE LA UNIVERSIDAD PEDAGOGICA NACIONAL
245 ## - MENCIÓN DE TÍTULO
Título Los orígenes de la educación superior en México
300 ## - DESCRIPCIÓN FÍSICA
Extensión 81-88
362 0# - FECHAS DE PUBLICACIÓN Y/O DESIGNACIÓN SECUENCIAL
Fecha de publicación y/o designación secuencial 1986 Vol. 3, no. 7, may.-ago.
653 0# - TERMINO DE INDIZACION - NO CONTROLADO
Término no controlado COLEGIO DE LA SANTA CRUZ DE SANTIAGO TLATELOLCO (MEXICO)
653 0# - TERMINO DE INDIZACION - NO CONTROLADO
Término no controlado EDUCACION SUPERIOR
653 0# - TERMINO DE INDIZACION - NO CONTROLADO
Término no controlado HISTORIA EDUCATIVA
653 0# - TERMINO DE INDIZACION - NO CONTROLADO
Término no controlado MEXICO
653 0# - TERMINO DE INDIZACION - NO CONTROLADO
Término no controlado U. DE G.
653 0# - TERMINO DE INDIZACION - NO CONTROLADO
Término no controlado UNAM
904 ## - ELEMENTOS DE DATOS D LOCAL, LDD (RLIN)
a AC
b 028765
905 ## - TIPO DE MATERIAL
Tipo de material Articulo

No items available.